Murder in the Mews / (Record no. 14814)
[ view plain ]
| 000 -LEADER | |
|---|---|
| fixed length control field | 01081nam a22002297a 4500 |
| 008 - FIXED-LENGTH DATA ELEMENTS--GENERAL INFORMATION | |
| fixed length control field | 101107t xxu||||| |||| 00| 0 eng d |
| 020 ## - INTERNATIONAL STANDARD BOOK NUMBER | |
| International Standard Book Number | 1572702842 |
| 020 ## - INTERNATIONAL STANDARD BOOK NUMBER | |
| International Standard Book Number | 9781572702844 |
| 082 ## - DEWEY DECIMAL CLASSIFICATION NUMBER | |
| Classification number | 823.912 |
| Item number | CHR |
| 100 ## - MAIN ENTRY--PERSONAL NAME | |
| 9 (RLIN) | 14429 |
| Personal name | Christie, Agatha, |
| Dates associated with a name | 1890-1976. |
| 245 ## - TITLE STATEMENT | |
| Title | Murder in the Mews / |
| Statement of responsibility, etc | Agatha Christie; Read by Nigel Hawthorne; Hugh Fraser |
| 250 ## - EDITION STATEMENT | |
| Edition statement | unbridged ed. |
| 260 ## - PUBLICATION, DISTRIBUTION, ETC. (IMPRINT) | |
| Place of publication, distribution, etc | Auburn, Calif. : |
| Name of publisher, distributor, etc | Audio Partners, 2002. |
| Date of publication, distribution, etc | 2002 |
| 300 ## - PHYSICAL DESCRIPTION | |
| Extent | 4 sound discs : |
| Other physical details | digital ; |
| Dimensions | 4 3/4 in. |
| 490 ## - SERIES STATEMENT | |
| 9 (RLIN) | 20995 |
| Series statement | Audio Editions mystery masters |
| 505 ## - FORMATTED CONTENTS NOTE | |
| Formatted contents note | Murder in the mews -- The incredible theft -- Triangle at Rhodes |
| 520 ## - SUMMARY, ETC. | |
| Summary, etc | Time-tested mystery writer Agatha Christie presents three classic novellas: The Incredible Theft; Murder in the Mews; and Triangle at Rhodes, each featuring renowned detective Hercule Poirot. |
| 700 ## - ADDED ENTRY--PERSONAL NAME | |
| 9 (RLIN) | 20996 |
| Personal name | Hawthorne, Nigel |
| 700 ## - ADDED ENTRY--PERSONAL NAME | |
| 9 (RLIN) | 20997 |
| Personal name | Fraser, Hugh |
| 942 ## - ADDED ENTRY ELEMENTS (KOHA) | |
| Source of classification or shelving scheme | Dewey Decimal Classification |
| Item type | |
| Withdrawn status | Lost status | Source of classification or shelving scheme | Damaged status | Not for loan | Location (home branch) | Sublocation or collection (holding branch) | Shelving location | Date acquired | Source of acquisition | Koha issues (times borrowed) | Koha full call number | Piece designation (barcode) | Koha date last seen | Price effective from | Koha item type | Public note |
|---|---|---|---|---|---|---|---|---|---|---|---|---|---|---|---|---|
| Dewey Decimal Classification | Central Library | Central Library | Second Floor | 07/11/2010 | Purchase | 823.912 CHR | 000022519 | 24/08/2022 | 07/11/2010 | CD | DVD - Sound (NB) | 4 CDs |